000 00587nam a2200205Ia 4500
005 20250508153656.0
008 008 250505s9999 xx 000 0 eng d
037 _aTextual
040 _aFEDL
_beng
_cFEDL
041 _aeng
_2eng
084 _a016.370942, BAR
_qFEDL
100 _aBaron George
_9139507
245 0 _aBibliographical guide to the english educational system
260 _aLondon, UK
_bThe Athlone Press
_c1951
300 _a70p.
365 _aINR
_b6
650 _aBibliographies
942 _cTEXL
_h016.370942, BAR
999 _c1344720
_d1344720